1266 1485 1973 1559 1073 1610 1929 1941 1317 1650 1805 1089 1261 1710 1710 1158 1529 1875 1821 1754 1195 1480 1940 1658 1111 1036 1342 1488 1158 1227 1145 1846 1027 1174 1154 1742 1291 1474 1643 1487 1440 1671 1649 1385 1356 1677 1998 1174 1242 1874 1277 1746 1837 1799 1351 1234 1810 1574 1064 1266 1572 1921 1464 1595 1444 1102 1084 1288 1067 1401 1373 1209 1542 1641 1743 1025 1850 1884 1041 1020 1948 1206 1971 1954 1582 1456 1992 1136 1449 1138 1684 1505 1110 1848 1868 1638 1991 1848 1339 BCNSPRNW ULIB Ver.6.0+V

เปลี่ยนเป็นภาษาไทย

Change to English
 แสดงรายละเอียดบรรณานุกรม
  กลับหน้าหลัก

Brief Record : Get Marc (ISO 2709) : E-mail record : QR code < ปิดหน้าต่าง
LEADER : 00000nam 2200000uu 4500
001    13399123387
003     ULIB
008    020711sมปป. th a 000 0 tha d
099    นว.^bร119ว
100    รจเรข
245    วงกตหัวใจ/^cรจเรข
260    กรุงเทพฯ :^bศิลปาบรรณาคาร,^cมปป.
300    491หน้า
945    ^p0^l0^i019197
999    ^aทศพร
รายการนี้ยังไม่มีแท็ก
คุณยังไม่ได้ล็อกอิน คุณสามารถมีกิจกรรมร่วมกับเว็บไซต์ได้ แต่ต้องล็อกอินก่อน ::
  ล็อกอิน

รายการสื่อสารสนเทศ

ลำดับที่ ประเภท เลขเรียก/บาร์โค้ด สถานที่ สถานะ
1. นวนิยาย
นวนิยาย
นว. ร119ว ฉ.1 
  Barcode: 019197
ห้องสมุดวิทยาเขตสวรรค์ประชารักษ์
►นวนิยาย
บนชั้น
  ขอยืม

BibComment


ยังไม่เคยถูกคอมเมนท์

คอมเมนท์ทรัพยากรรายการนี้
  คอมเมนท์: วงกตหัวใจ รจเรข


 Copyright 2026. Bcnsprnw @Library